Our hearts

Salvato in:
Dettagli Bibliografici
Autore principale: Maupassant, Guy de
Natura: Libro
Lingua:Undetermined
Pubblicazione: India Jaico Books 1959
Soggetti:
Tags: Aggiungi Tag
Nessun Tag, puoi essere il primo ad aggiungerne!!

MARC

LEADER 00000nam a2200000Ia 4500
008 170316s9999 xx 000 0 und d
040 |a cru BVZT 
090 |a 840 M-14o 
100 |a Maupassant, Guy de 
245 |a Our hearts 
260 |a India 
260 |b Jaico Books 
260 |c 1959 
300 |a 200 páginas 
650 |a LITERATURA FRANCESA 
999 |c 7789  |d 7789 
942 |c 15 D  |h 840 M-14o  |2 z